<?xml version="1.0" encoding="UTF-8"?>
<record
    xmlns:xsi="http://www.w3.org/2001/XMLSchema-instance"
    xsi:schemaLocation="http://www.loc.gov/MARC21/slim http://www.loc.gov/standards/marcxml/schema/MARC21slim.xsd"
    xmlns="http://www.loc.gov/MARC21/slim">

  <leader>00355nam a22001337a 4500</leader>
  <datafield tag="020" ind1=" " ind2=" ">
    <subfield code="q">PB.</subfield>
  </datafield>
  <datafield tag="040" ind1=" " ind2=" ">
    <subfield code="c">FIZZA ISHAQ</subfield>
  </datafield>
  <datafield tag="082" ind1=" " ind2=" ">
    <subfield code="a">681.2</subfield>
    <subfield code="b">CAR</subfield>
  </datafield>
  <datafield tag="100" ind1=" " ind2=" ">
    <subfield code="a">MORAIS,DE CARLOS.</subfield>
    <subfield code="9">91227</subfield>
  </datafield>
  <datafield tag="245" ind1=" " ind2=" ">
    <subfield code="a">AD HOC &amp; SENSOR NETWORKS THEORY AND APPLICATIONS /</subfield>
    <subfield code="c">CARLOS DE MORAIS.</subfield>
  </datafield>
  <datafield tag="260" ind1=" " ind2=" ">
    <subfield code="a">SCIENTIFIC PUBLISHING ;</subfield>
    <subfield code="c">2006.</subfield>
  </datafield>
  <datafield tag="300" ind1=" " ind2=" ">
    <subfield code="a">641 P. ;</subfield>
  </datafield>
  <datafield tag="942" ind1=" " ind2=" ">
    <subfield code="2">ddc</subfield>
    <subfield code="c">BK</subfield>
  </datafield>
  <datafield tag="999" ind1=" " ind2=" ">
    <subfield code="c">589404</subfield>
    <subfield code="d">589404</subfield>
  </datafield>
  <datafield tag="952" ind1=" " ind2=" ">
    <subfield code="0">0</subfield>
    <subfield code="1">0</subfield>
    <subfield code="2">ddc</subfield>
    <subfield code="4">0</subfield>
    <subfield code="7">0</subfield>
    <subfield code="a">NQC</subfield>
    <subfield code="b">NQC</subfield>
    <subfield code="d">2022-04-26</subfield>
    <subfield code="l">0</subfield>
    <subfield code="o">681.2 CAR</subfield>
    <subfield code="p">Q-3641</subfield>
    <subfield code="r">2022-04-26</subfield>
    <subfield code="w">2022-04-26</subfield>
    <subfield code="y">BK</subfield>
  </datafield>
  <datafield tag="952" ind1=" " ind2=" ">
    <subfield code="0">0</subfield>
    <subfield code="1">0</subfield>
    <subfield code="2">ddc</subfield>
    <subfield code="4">0</subfield>
    <subfield code="7">0</subfield>
    <subfield code="a">NQC</subfield>
    <subfield code="b">NQC</subfield>
    <subfield code="d">2022-04-26</subfield>
    <subfield code="l">0</subfield>
    <subfield code="o">681.2 CAR</subfield>
    <subfield code="p">Q-3642</subfield>
    <subfield code="r">2022-04-26</subfield>
    <subfield code="w">2022-04-26</subfield>
    <subfield code="y">BK</subfield>
  </datafield>
  <datafield tag="952" ind1=" " ind2=" ">
    <subfield code="0">0</subfield>
    <subfield code="1">0</subfield>
    <subfield code="2">ddc</subfield>
    <subfield code="4">0</subfield>
    <subfield code="7">0</subfield>
    <subfield code="a">NQC</subfield>
    <subfield code="b">NQC</subfield>
    <subfield code="d">2022-04-26</subfield>
    <subfield code="l">0</subfield>
    <subfield code="o">681.2 CAR</subfield>
    <subfield code="p">Q-3643</subfield>
    <subfield code="r">2022-04-26</subfield>
    <subfield code="w">2022-04-26</subfield>
    <subfield code="y">BK</subfield>
  </datafield>
  <datafield tag="952" ind1=" " ind2=" ">
    <subfield code="0">0</subfield>
    <subfield code="1">0</subfield>
    <subfield code="2">ddc</subfield>
    <subfield code="4">0</subfield>
    <subfield code="7">0</subfield>
    <subfield code="a">NQC</subfield>
    <subfield code="b">NQC</subfield>
    <subfield code="d">2022-04-26</subfield>
    <subfield code="l">0</subfield>
    <subfield code="o">681.2 CAR</subfield>
    <subfield code="p">Q-3644</subfield>
    <subfield code="r">2022-04-26</subfield>
    <subfield code="w">2022-04-26</subfield>
    <subfield code="y">BK</subfield>
  </datafield>
  <datafield tag="952" ind1=" " ind2=" ">
    <subfield code="0">0</subfield>
    <subfield code="1">0</subfield>
    <subfield code="2">ddc</subfield>
    <subfield code="4">0</subfield>
    <subfield code="7">0</subfield>
    <subfield code="a">NQC</subfield>
    <subfield code="b">NQC</subfield>
    <subfield code="d">2022-04-26</subfield>
    <subfield code="l">0</subfield>
    <subfield code="o">681.2 CAR</subfield>
    <subfield code="p">Q-3645</subfield>
    <subfield code="r">2022-04-26</subfield>
    <subfield code="w">2022-04-26</subfield>
    <subfield code="y">BK</subfield>
  </datafield>
  <datafield tag="952" ind1=" " ind2=" ">
    <subfield code="0">0</subfield>
    <subfield code="1">0</subfield>
    <subfield code="2">ddc</subfield>
    <subfield code="4">0</subfield>
    <subfield code="7">0</subfield>
    <subfield code="a">NQC</subfield>
    <subfield code="b">NQC</subfield>
    <subfield code="d">2022-04-26</subfield>
    <subfield code="l">0</subfield>
    <subfield code="o">681.2 CAR</subfield>
    <subfield code="p">Q-3646</subfield>
    <subfield code="r">2022-04-26</subfield>
    <subfield code="w">2022-04-26</subfield>
    <subfield code="y">BK</subfield>
  </datafield>
  <datafield tag="952" ind1=" " ind2=" ">
    <subfield code="0">0</subfield>
    <subfield code="1">0</subfield>
    <subfield code="2">ddc</subfield>
    <subfield code="4">0</subfield>
    <subfield code="7">0</subfield>
    <subfield code="a">NQC</subfield>
    <subfield code="b">NQC</subfield>
    <subfield code="d">2022-04-26</subfield>
    <subfield code="l">0</subfield>
    <subfield code="o">681.2 CAR</subfield>
    <subfield code="p">Q-3647</subfield>
    <subfield code="r">2022-04-26</subfield>
    <subfield code="w">2022-04-26</subfield>
    <subfield code="y">BK</subfield>
  </datafield>
  <datafield tag="952" ind1=" " ind2=" ">
    <subfield code="0">0</subfield>
    <subfield code="1">0</subfield>
    <subfield code="2">ddc</subfield>
    <subfield code="4">0</subfield>
    <subfield code="7">0</subfield>
    <subfield code="a">NQC</subfield>
    <subfield code="b">NQC</subfield>
    <subfield code="d">2022-04-26</subfield>
    <subfield code="l">0</subfield>
    <subfield code="o">681.2 CAR</subfield>
    <subfield code="p">Q-3648</subfield>
    <subfield code="r">2022-04-26</subfield>
    <subfield code="w">2022-04-26</subfield>
    <subfield code="y">BK</subfield>
  </datafield>
  <datafield tag="952" ind1=" " ind2=" ">
    <subfield code="0">0</subfield>
    <subfield code="1">0</subfield>
    <subfield code="2">ddc</subfield>
    <subfield code="4">0</subfield>
    <subfield code="7">0</subfield>
    <subfield code="a">NQC</subfield>
    <subfield code="b">NQC</subfield>
    <subfield code="d">2022-04-26</subfield>
    <subfield code="l">0</subfield>
    <subfield code="o">681.2 CAR</subfield>
    <subfield code="p">Q-3649</subfield>
    <subfield code="r">2022-04-26</subfield>
    <subfield code="w">2022-04-26</subfield>
    <subfield code="y">BK</subfield>
  </datafield>
  <datafield tag="952" ind1=" " ind2=" ">
    <subfield code="0">0</subfield>
    <subfield code="1">0</subfield>
    <subfield code="2">ddc</subfield>
    <subfield code="4">0</subfield>
    <subfield code="7">0</subfield>
    <subfield code="a">NQC</subfield>
    <subfield code="b">NQC</subfield>
    <subfield code="d">2022-04-26</subfield>
    <subfield code="l">0</subfield>
    <subfield code="o">681.2 CAR</subfield>
    <subfield code="p">Q-3650</subfield>
    <subfield code="r">2022-04-26</subfield>
    <subfield code="w">2022-04-26</subfield>
    <subfield code="y">BK</subfield>
  </datafield>
  <datafield tag="952" ind1=" " ind2=" ">
    <subfield code="0">0</subfield>
    <subfield code="1">0</subfield>
    <subfield code="2">ddc</subfield>
    <subfield code="4">0</subfield>
    <subfield code="7">0</subfield>
    <subfield code="a">NQC</subfield>
    <subfield code="b">NQC</subfield>
    <subfield code="d">2022-04-26</subfield>
    <subfield code="l">0</subfield>
    <subfield code="o">681.2 CAR</subfield>
    <subfield code="p">Q-3651</subfield>
    <subfield code="r">2022-04-26</subfield>
    <subfield code="w">2022-04-26</subfield>
    <subfield code="y">BK</subfield>
  </datafield>
  <datafield tag="952" ind1=" " ind2=" ">
    <subfield code="0">0</subfield>
    <subfield code="1">0</subfield>
    <subfield code="2">ddc</subfield>
    <subfield code="4">0</subfield>
    <subfield code="7">0</subfield>
    <subfield code="a">NQC</subfield>
    <subfield code="b">NQC</subfield>
    <subfield code="d">2022-04-26</subfield>
    <subfield code="l">0</subfield>
    <subfield code="o">681.2 CAR</subfield>
    <subfield code="p">Q-3652</subfield>
    <subfield code="r">2022-04-26</subfield>
    <subfield code="w">2022-04-26</subfield>
    <subfield code="y">BK</subfield>
  </datafield>
  <datafield tag="952" ind1=" " ind2=" ">
    <subfield code="0">0</subfield>
    <subfield code="1">0</subfield>
    <subfield code="2">ddc</subfield>
    <subfield code="4">0</subfield>
    <subfield code="7">0</subfield>
    <subfield code="a">NQC</subfield>
    <subfield code="b">NQC</subfield>
    <subfield code="d">2022-04-26</subfield>
    <subfield code="l">0</subfield>
    <subfield code="o">681.2 CAR</subfield>
    <subfield code="p">Q-3653</subfield>
    <subfield code="r">2022-04-26</subfield>
    <subfield code="w">2022-04-26</subfield>
    <subfield code="y">BK</subfield>
  </datafield>
  <datafield tag="952" ind1=" " ind2=" ">
    <subfield code="0">0</subfield>
    <subfield code="1">0</subfield>
    <subfield code="2">ddc</subfield>
    <subfield code="4">0</subfield>
    <subfield code="7">0</subfield>
    <subfield code="a">NQC</subfield>
    <subfield code="b">NQC</subfield>
    <subfield code="d">2022-04-26</subfield>
    <subfield code="l">0</subfield>
    <subfield code="o">681.2 CAR</subfield>
    <subfield code="p">Q-3654</subfield>
    <subfield code="r">2022-04-26</subfield>
    <subfield code="w">2022-04-26</subfield>
    <subfield code="y">BK</subfield>
  </datafield>
  <datafield tag="952" ind1=" " ind2=" ">
    <subfield code="0">0</subfield>
    <subfield code="1">0</subfield>
    <subfield code="2">ddc</subfield>
    <subfield code="4">0</subfield>
    <subfield code="7">0</subfield>
    <subfield code="a">NQC</subfield>
    <subfield code="b">NQC</subfield>
    <subfield code="d">2022-04-26</subfield>
    <subfield code="l">0</subfield>
    <subfield code="o">681.2 CAR</subfield>
    <subfield code="p">Q-3655</subfield>
    <subfield code="r">2022-04-26</subfield>
    <subfield code="w">2022-04-26</subfield>
    <subfield code="y">BK</subfield>
  </datafield>
  <datafield tag="952" ind1=" " ind2=" ">
    <subfield code="0">0</subfield>
    <subfield code="1">0</subfield>
    <subfield code="2">ddc</subfield>
    <subfield code="4">0</subfield>
    <subfield code="7">0</subfield>
    <subfield code="a">NQC</subfield>
    <subfield code="b">NQC</subfield>
    <subfield code="d">2022-04-26</subfield>
    <subfield code="l">0</subfield>
    <subfield code="o">681.2 CAR</subfield>
    <subfield code="p">Q-3656</subfield>
    <subfield code="r">2022-04-26</subfield>
    <subfield code="w">2022-04-26</subfield>
    <subfield code="y">BK</subfield>
  </datafield>
  <datafield tag="952" ind1=" " ind2=" ">
    <subfield code="0">0</subfield>
    <subfield code="1">0</subfield>
    <subfield code="2">ddc</subfield>
    <subfield code="4">0</subfield>
    <subfield code="7">0</subfield>
    <subfield code="a">NQC</subfield>
    <subfield code="b">NQC</subfield>
    <subfield code="d">2022-04-26</subfield>
    <subfield code="l">0</subfield>
    <subfield code="o">681.2 CAR</subfield>
    <subfield code="p">Q-3657</subfield>
    <subfield code="r">2022-04-26</subfield>
    <subfield code="w">2022-04-26</subfield>
    <subfield code="y">BK</subfield>
  </datafield>
  <datafield tag="952" ind1=" " ind2=" ">
    <subfield code="0">0</subfield>
    <subfield code="1">0</subfield>
    <subfield code="2">ddc</subfield>
    <subfield code="4">0</subfield>
    <subfield code="7">0</subfield>
    <subfield code="a">NQC</subfield>
    <subfield code="b">NQC</subfield>
    <subfield code="d">2022-04-26</subfield>
    <subfield code="l">0</subfield>
    <subfield code="o">681.2 CAR</subfield>
    <subfield code="p">Q-3658</subfield>
    <subfield code="r">2022-04-26</subfield>
    <subfield code="w">2022-04-26</subfield>
    <subfield code="y">BK</subfield>
  </datafield>
  <datafield tag="952" ind1=" " ind2=" ">
    <subfield code="0">0</subfield>
    <subfield code="1">0</subfield>
    <subfield code="2">ddc</subfield>
    <subfield code="4">0</subfield>
    <subfield code="7">0</subfield>
    <subfield code="a">NQC</subfield>
    <subfield code="b">NQC</subfield>
    <subfield code="d">2022-04-26</subfield>
    <subfield code="l">0</subfield>
    <subfield code="o">681.2 CAR</subfield>
    <subfield code="p">Q-3659</subfield>
    <subfield code="r">2022-04-26</subfield>
    <subfield code="w">2022-04-26</subfield>
    <subfield code="y">BK</subfield>
  </datafield>
  <datafield tag="952" ind1=" " ind2=" ">
    <subfield code="0">0</subfield>
    <subfield code="1">0</subfield>
    <subfield code="2">ddc</subfield>
    <subfield code="4">0</subfield>
    <subfield code="7">0</subfield>
    <subfield code="a">NQC</subfield>
    <subfield code="b">NQC</subfield>
    <subfield code="d">2022-04-26</subfield>
    <subfield code="l">0</subfield>
    <subfield code="o">681.2 CAR</subfield>
    <subfield code="p">Q-3660</subfield>
    <subfield code="r">2022-04-26</subfield>
    <subfield code="w">2022-04-26</subfield>
    <subfield code="y">BK</subfield>
  </datafield>
  <datafield tag="952" ind1=" " ind2=" ">
    <subfield code="0">0</subfield>
    <subfield code="1">0</subfield>
    <subfield code="2">ddc</subfield>
    <subfield code="4">0</subfield>
    <subfield code="7">0</subfield>
    <subfield code="a">NQC</subfield>
    <subfield code="b">NQC</subfield>
    <subfield code="d">2022-04-26</subfield>
    <subfield code="l">0</subfield>
    <subfield code="o">681.2 CAR</subfield>
    <subfield code="p">Q-3661</subfield>
    <subfield code="r">2022-04-26</subfield>
    <subfield code="w">2022-04-26</subfield>
    <subfield code="y">BK</subfield>
  </datafield>
  <datafield tag="952" ind1=" " ind2=" ">
    <subfield code="0">0</subfield>
    <subfield code="1">0</subfield>
    <subfield code="2">ddc</subfield>
    <subfield code="4">0</subfield>
    <subfield code="7">0</subfield>
    <subfield code="a">NQC</subfield>
    <subfield code="b">NQC</subfield>
    <subfield code="d">2022-04-26</subfield>
    <subfield code="l">0</subfield>
    <subfield code="o">681.2 CAR</subfield>
    <subfield code="p">Q-3662</subfield>
    <subfield code="r">2022-04-26</subfield>
    <subfield code="w">2022-04-26</subfield>
    <subfield code="y">BK</subfield>
  </datafield>
  <datafield tag="952" ind1=" " ind2=" ">
    <subfield code="0">0</subfield>
    <subfield code="1">0</subfield>
    <subfield code="2">ddc</subfield>
    <subfield code="4">0</subfield>
    <subfield code="7">0</subfield>
    <subfield code="a">NQC</subfield>
    <subfield code="b">NQC</subfield>
    <subfield code="d">2022-04-26</subfield>
    <subfield code="l">0</subfield>
    <subfield code="o">681.2 CAR</subfield>
    <subfield code="p">Q-3663</subfield>
    <subfield code="r">2022-04-26</subfield>
    <subfield code="w">2022-04-26</subfield>
    <subfield code="y">BK</subfield>
  </datafield>
  <datafield tag="952" ind1=" " ind2=" ">
    <subfield code="0">0</subfield>
    <subfield code="1">0</subfield>
    <subfield code="2">ddc</subfield>
    <subfield code="4">0</subfield>
    <subfield code="7">0</subfield>
    <subfield code="a">NQC</subfield>
    <subfield code="b">NQC</subfield>
    <subfield code="d">2022-04-26</subfield>
    <subfield code="l">0</subfield>
    <subfield code="o">681.2 CAR</subfield>
    <subfield code="p">Q-3664</subfield>
    <subfield code="r">2022-04-26</subfield>
    <subfield code="w">2022-04-26</subfield>
    <subfield code="y">BK</subfield>
  </datafield>
  <datafield tag="952" ind1=" " ind2=" ">
    <subfield code="0">0</subfield>
    <subfield code="1">0</subfield>
    <subfield code="2">ddc</subfield>
    <subfield code="4">0</subfield>
    <subfield code="7">0</subfield>
    <subfield code="a">NQC</subfield>
    <subfield code="b">NQC</subfield>
    <subfield code="d">2022-04-26</subfield>
    <subfield code="l">0</subfield>
    <subfield code="o">681.2 CAR</subfield>
    <subfield code="p">Q-3665</subfield>
    <subfield code="r">2022-04-26</subfield>
    <subfield code="w">2022-04-26</subfield>
    <subfield code="y">BK</subfield>
  </datafield>
  <datafield tag="952" ind1=" " ind2=" ">
    <subfield code="0">0</subfield>
    <subfield code="1">0</subfield>
    <subfield code="2">ddc</subfield>
    <subfield code="4">0</subfield>
    <subfield code="7">0</subfield>
    <subfield code="a">NQC</subfield>
    <subfield code="b">NQC</subfield>
    <subfield code="d">2022-04-26</subfield>
    <subfield code="l">0</subfield>
    <subfield code="o">681.2 CAR</subfield>
    <subfield code="p">Q-3666</subfield>
    <subfield code="r">2022-04-26</subfield>
    <subfield code="w">2022-04-26</subfield>
    <subfield code="y">BK</subfield>
  </datafield>
  <datafield tag="952" ind1=" " ind2=" ">
    <subfield code="0">0</subfield>
    <subfield code="1">0</subfield>
    <subfield code="2">ddc</subfield>
    <subfield code="4">0</subfield>
    <subfield code="7">0</subfield>
    <subfield code="a">NQC</subfield>
    <subfield code="b">NQC</subfield>
    <subfield code="d">2022-04-26</subfield>
    <subfield code="l">0</subfield>
    <subfield code="o">681.2 CAR</subfield>
    <subfield code="p">Q-3667</subfield>
    <subfield code="r">2022-04-26</subfield>
    <subfield code="w">2022-04-26</subfield>
    <subfield code="y">BK</subfield>
  </datafield>
  <datafield tag="952" ind1=" " ind2=" ">
    <subfield code="0">0</subfield>
    <subfield code="1">0</subfield>
    <subfield code="2">ddc</subfield>
    <subfield code="4">0</subfield>
    <subfield code="7">0</subfield>
    <subfield code="a">NQC</subfield>
    <subfield code="b">NQC</subfield>
    <subfield code="d">2022-04-26</subfield>
    <subfield code="l">0</subfield>
    <subfield code="o">681.2 CAR</subfield>
    <subfield code="p">Q-3668</subfield>
    <subfield code="r">2022-04-26</subfield>
    <subfield code="w">2022-04-26</subfield>
    <subfield code="y">BK</subfield>
  </datafield>
  <datafield tag="952" ind1=" " ind2=" ">
    <subfield code="0">0</subfield>
    <subfield code="1">0</subfield>
    <subfield code="2">ddc</subfield>
    <subfield code="4">0</subfield>
    <subfield code="7">0</subfield>
    <subfield code="a">NQC</subfield>
    <subfield code="b">NQC</subfield>
    <subfield code="d">2022-04-26</subfield>
    <subfield code="l">0</subfield>
    <subfield code="o">681.2 CAR</subfield>
    <subfield code="p">Q-3669</subfield>
    <subfield code="r">2022-04-26</subfield>
    <subfield code="w">2022-04-26</subfield>
    <subfield code="y">BK</subfield>
  </datafield>
  <datafield tag="952" ind1=" " ind2=" ">
    <subfield code="0">0</subfield>
    <subfield code="1">0</subfield>
    <subfield code="2">ddc</subfield>
    <subfield code="4">0</subfield>
    <subfield code="7">0</subfield>
    <subfield code="a">NQC</subfield>
    <subfield code="b">NQC</subfield>
    <subfield code="d">2022-04-26</subfield>
    <subfield code="l">0</subfield>
    <subfield code="o">681.2 CAR</subfield>
    <subfield code="p">Q-3670</subfield>
    <subfield code="r">2022-04-26</subfield>
    <subfield code="w">2022-04-26</subfield>
    <subfield code="y">BK</subfield>
  </datafield>
  <datafield tag="952" ind1=" " ind2=" ">
    <subfield code="0">0</subfield>
    <subfield code="1">0</subfield>
    <subfield code="2">ddc</subfield>
    <subfield code="4">0</subfield>
    <subfield code="7">0</subfield>
    <subfield code="a">NQC</subfield>
    <subfield code="b">NQC</subfield>
    <subfield code="d">2022-04-26</subfield>
    <subfield code="l">0</subfield>
    <subfield code="o">681.2 CAR</subfield>
    <subfield code="p">Q-3671</subfield>
    <subfield code="r">2022-04-26</subfield>
    <subfield code="w">2022-04-26</subfield>
    <subfield code="y">BK</subfield>
  </datafield>
  <datafield tag="952" ind1=" " ind2=" ">
    <subfield code="0">0</subfield>
    <subfield code="1">0</subfield>
    <subfield code="2">ddc</subfield>
    <subfield code="4">0</subfield>
    <subfield code="7">0</subfield>
    <subfield code="a">NQC</subfield>
    <subfield code="b">NQC</subfield>
    <subfield code="d">2022-04-26</subfield>
    <subfield code="l">0</subfield>
    <subfield code="o">681.2 CAR</subfield>
    <subfield code="p">Q-3672</subfield>
    <subfield code="r">2022-04-26</subfield>
    <subfield code="w">2022-04-26</subfield>
    <subfield code="y">BK</subfield>
  </datafield>
  <datafield tag="952" ind1=" " ind2=" ">
    <subfield code="0">0</subfield>
    <subfield code="1">0</subfield>
    <subfield code="2">ddc</subfield>
    <subfield code="4">0</subfield>
    <subfield code="7">0</subfield>
    <subfield code="a">NQC</subfield>
    <subfield code="b">NQC</subfield>
    <subfield code="d">2022-04-26</subfield>
    <subfield code="l">0</subfield>
    <subfield code="o">681.2 CAR</subfield>
    <subfield code="p">Q-3673</subfield>
    <subfield code="r">2022-04-26</subfield>
    <subfield code="w">2022-04-26</subfield>
    <subfield code="y">BK</subfield>
  </datafield>
  <datafield tag="952" ind1=" " ind2=" ">
    <subfield code="0">0</subfield>
    <subfield code="1">0</subfield>
    <subfield code="2">ddc</subfield>
    <subfield code="4">0</subfield>
    <subfield code="7">0</subfield>
    <subfield code="a">NQC</subfield>
    <subfield code="b">NQC</subfield>
    <subfield code="d">2022-04-26</subfield>
    <subfield code="l">0</subfield>
    <subfield code="o">681.2 CAR</subfield>
    <subfield code="p">Q-3674</subfield>
    <subfield code="r">2022-04-26</subfield>
    <subfield code="w">2022-04-26</subfield>
    <subfield code="y">BK</subfield>
  </datafield>
  <datafield tag="952" ind1=" " ind2=" ">
    <subfield code="0">0</subfield>
    <subfield code="1">0</subfield>
    <subfield code="2">ddc</subfield>
    <subfield code="4">0</subfield>
    <subfield code="7">0</subfield>
    <subfield code="a">NQC</subfield>
    <subfield code="b">NQC</subfield>
    <subfield code="d">2022-04-26</subfield>
    <subfield code="l">0</subfield>
    <subfield code="o">681.2 CAR</subfield>
    <subfield code="p">Q-3675</subfield>
    <subfield code="r">2022-04-26</subfield>
    <subfield code="w">2022-04-26</subfield>
    <subfield code="y">BK</subfield>
  </datafield>
  <datafield tag="952" ind1=" " ind2=" ">
    <subfield code="0">0</subfield>
    <subfield code="1">0</subfield>
    <subfield code="2">ddc</subfield>
    <subfield code="4">0</subfield>
    <subfield code="7">0</subfield>
    <subfield code="a">NQC</subfield>
    <subfield code="b">NQC</subfield>
    <subfield code="d">2022-04-26</subfield>
    <subfield code="l">0</subfield>
    <subfield code="o">681.2 CAR</subfield>
    <subfield code="p">Q-3676</subfield>
    <subfield code="r">2022-04-26</subfield>
    <subfield code="w">2022-04-26</subfield>
    <subfield code="y">BK</subfield>
  </datafield>
  <datafield tag="952" ind1=" " ind2=" ">
    <subfield code="0">0</subfield>
    <subfield code="1">0</subfield>
    <subfield code="2">ddc</subfield>
    <subfield code="4">0</subfield>
    <subfield code="7">0</subfield>
    <subfield code="a">NQC</subfield>
    <subfield code="b">NQC</subfield>
    <subfield code="d">2022-04-26</subfield>
    <subfield code="l">0</subfield>
    <subfield code="o">681.2 CAR</subfield>
    <subfield code="p">Q-3677</subfield>
    <subfield code="r">2022-04-26</subfield>
    <subfield code="w">2022-04-26</subfield>
    <subfield code="y">BK</subfield>
  </datafield>
  <datafield tag="952" ind1=" " ind2=" ">
    <subfield code="0">0</subfield>
    <subfield code="1">0</subfield>
    <subfield code="2">ddc</subfield>
    <subfield code="4">0</subfield>
    <subfield code="7">0</subfield>
    <subfield code="a">NQC</subfield>
    <subfield code="b">NQC</subfield>
    <subfield code="d">2022-04-26</subfield>
    <subfield code="l">0</subfield>
    <subfield code="o">681.2 CAR</subfield>
    <subfield code="p">Q-3678</subfield>
    <subfield code="r">2022-04-26</subfield>
    <subfield code="w">2022-04-26</subfield>
    <subfield code="y">BK</subfield>
  </datafield>
  <datafield tag="952" ind1=" " ind2=" ">
    <subfield code="0">0</subfield>
    <subfield code="1">0</subfield>
    <subfield code="2">ddc</subfield>
    <subfield code="4">0</subfield>
    <subfield code="7">0</subfield>
    <subfield code="a">NQC</subfield>
    <subfield code="b">NQC</subfield>
    <subfield code="d">2022-04-26</subfield>
    <subfield code="l">0</subfield>
    <subfield code="o">681.2 CAR</subfield>
    <subfield code="p">Q-3679</subfield>
    <subfield code="r">2022-04-26</subfield>
    <subfield code="w">2022-04-26</subfield>
    <subfield code="y">BK</subfield>
  </datafield>
  <datafield tag="952" ind1=" " ind2=" ">
    <subfield code="0">0</subfield>
    <subfield code="1">0</subfield>
    <subfield code="2">ddc</subfield>
    <subfield code="4">0</subfield>
    <subfield code="7">0</subfield>
    <subfield code="a">NQC</subfield>
    <subfield code="b">NQC</subfield>
    <subfield code="d">2022-04-26</subfield>
    <subfield code="l">0</subfield>
    <subfield code="o">681.2 CAR</subfield>
    <subfield code="p">Q-3680</subfield>
    <subfield code="r">2022-04-26</subfield>
    <subfield code="w">2022-04-26</subfield>
    <subfield code="y">BK</subfield>
  </datafield>
  <datafield tag="952" ind1=" " ind2=" ">
    <subfield code="0">0</subfield>
    <subfield code="1">0</subfield>
    <subfield code="2">ddc</subfield>
    <subfield code="4">0</subfield>
    <subfield code="7">0</subfield>
    <subfield code="a">NQC</subfield>
    <subfield code="b">NQC</subfield>
    <subfield code="d">2022-04-26</subfield>
    <subfield code="l">0</subfield>
    <subfield code="o">681.2 CAR</subfield>
    <subfield code="p">Q-3681</subfield>
    <subfield code="r">2022-04-26</subfield>
    <subfield code="w">2022-04-26</subfield>
    <subfield code="y">BK</subfield>
  </datafield>
  <datafield tag="952" ind1=" " ind2=" ">
    <subfield code="0">0</subfield>
    <subfield code="1">0</subfield>
    <subfield code="2">ddc</subfield>
    <subfield code="4">0</subfield>
    <subfield code="7">0</subfield>
    <subfield code="a">NQC</subfield>
    <subfield code="b">NQC</subfield>
    <subfield code="d">2022-04-26</subfield>
    <subfield code="l">0</subfield>
    <subfield code="o">681.2 CAR</subfield>
    <subfield code="p">Q-3682</subfield>
    <subfield code="r">2022-04-26</subfield>
    <subfield code="w">2022-04-26</subfield>
    <subfield code="y">BK</subfield>
  </datafield>
  <datafield tag="952" ind1=" " ind2=" ">
    <subfield code="0">0</subfield>
    <subfield code="1">0</subfield>
    <subfield code="2">ddc</subfield>
    <subfield code="4">0</subfield>
    <subfield code="7">0</subfield>
    <subfield code="a">NQC</subfield>
    <subfield code="b">NQC</subfield>
    <subfield code="d">2022-04-26</subfield>
    <subfield code="l">0</subfield>
    <subfield code="o">681.2 CAR</subfield>
    <subfield code="p">Q-3683</subfield>
    <subfield code="r">2022-04-26</subfield>
    <subfield code="w">2022-04-26</subfield>
    <subfield code="y">BK</subfield>
  </datafield>
  <datafield tag="952" ind1=" " ind2=" ">
    <subfield code="0">0</subfield>
    <subfield code="1">0</subfield>
    <subfield code="2">ddc</subfield>
    <subfield code="4">0</subfield>
    <subfield code="7">0</subfield>
    <subfield code="a">NQC</subfield>
    <subfield code="b">NQC</subfield>
    <subfield code="d">2022-04-26</subfield>
    <subfield code="l">0</subfield>
    <subfield code="o">681.2 CAR</subfield>
    <subfield code="p">Q-3684</subfield>
    <subfield code="r">2022-04-26</subfield>
    <subfield code="w">2022-04-26</subfield>
    <subfield code="y">BK</subfield>
  </datafield>
  <datafield tag="952" ind1=" " ind2=" ">
    <subfield code="0">0</subfield>
    <subfield code="1">0</subfield>
    <subfield code="2">ddc</subfield>
    <subfield code="4">0</subfield>
    <subfield code="7">0</subfield>
    <subfield code="a">NQC</subfield>
    <subfield code="b">NQC</subfield>
    <subfield code="d">2022-04-26</subfield>
    <subfield code="l">0</subfield>
    <subfield code="o">681.2 CAR</subfield>
    <subfield code="p">Q-3685</subfield>
    <subfield code="r">2022-04-26</subfield>
    <subfield code="w">2022-04-26</subfield>
    <subfield code="y">BK</subfield>
  </datafield>
  <datafield tag="952" ind1=" " ind2=" ">
    <subfield code="0">0</subfield>
    <subfield code="1">0</subfield>
    <subfield code="2">ddc</subfield>
    <subfield code="4">0</subfield>
    <subfield code="7">0</subfield>
    <subfield code="a">NQC</subfield>
    <subfield code="b">NQC</subfield>
    <subfield code="d">2022-04-26</subfield>
    <subfield code="l">0</subfield>
    <subfield code="o">681.2 CAR</subfield>
    <subfield code="p">Q-3686</subfield>
    <subfield code="r">2022-04-26</subfield>
    <subfield code="w">2022-04-26</subfield>
    <subfield code="y">BK</subfield>
  </datafield>
  <datafield tag="952" ind1=" " ind2=" ">
    <subfield code="0">0</subfield>
    <subfield code="1">0</subfield>
    <subfield code="2">ddc</subfield>
    <subfield code="4">0</subfield>
    <subfield code="7">0</subfield>
    <subfield code="a">NQC</subfield>
    <subfield code="b">NQC</subfield>
    <subfield code="d">2022-04-26</subfield>
    <subfield code="l">0</subfield>
    <subfield code="o">681.2 CAR</subfield>
    <subfield code="p">Q-3687</subfield>
    <subfield code="r">2022-04-26</subfield>
    <subfield code="w">2022-04-26</subfield>
    <subfield code="y">BK</subfield>
  </datafield>
</record>
